American Cities hiding in France - Statistics

General Stats
  • This quiz has been taken 32 times
  • The average score is 8 of 12
Answers on the Grid
Answers color-coded by a green-red scale on the quiz's grid according to % correct below.
Tours
Dijon
New York
Laval
Mets
Des Moines
Albert Lea
Quimper
Baton Rouge
Reno
Gary
Paris
Marquette
Topeka
Bordeaux
Coeur d'Alene
Nancy
Montauban
Eau Claire
La Crosse
Angers
Le Havre
Marseilles
Lafayette
 
Answer Stats
Answer % Correct
Baton Rouge
80%
Reno
80%
Des Moines
70%
Gary
70%
Marquette
70%
New York
70%
Topeka
70%
Lafayette
60%
Eau Claire
50%
La Crosse
50%
Albert Lea
40%
Coeur d'Alene
40%
No matching quizzes found
Score Distribution
Percent of People with Each Score
Percentile by Number Answered
Your Score History
You have not taken this quiz